Get the Picture: Stairway to Heaven or Highway to Hell Quiz Stats

 Plays Quiz Updated Apr 19, 2019

Score 0/12 Timer 02:00
7 Plays Today
Question Answer Wrong Answers
There walks a lady we all know Stairway to Heaven
91.4%
Highway to Hell
5.7%
Ooh, it makes me wonder Stairway to Heaven
91.2%
Highway to Hell
5.6%
All that glitters is gold Stairway to Heaven
91%
Highway to Hell
5.9%
Nobody's gonna slow me down Highway to Hell
90.1%
Stairway to Heaven
6.6%
Playing in a rocking band Highway to Hell
89.9%
Stairway to Heaven
7.1%
Then the piper will lead us to reason Stairway to Heaven
87.9%
Highway to Hell
9%
Don't need reason, don't need rhyme Highway to Hell
87.5%
Stairway to Heaven
9.6%
'Cause you know sometimes words have two meanings Stairway to Heaven
86.5%
Highway to Hell
10.5%
Living easy, living free Highway to Hell
84.7%
Stairway to Heaven
12.2%
My friends are gonna be there too Highway to Hell
84.6%
Stairway to Heaven
12.3%
I'm on my way to the promised land Highway to Hell
74%
Stairway to Heaven
22.8%
There's still time to change the road you're on Stairway to Heaven
73.3%
Highway to Hell
23.8%

Today's Daily Dose

You're not logged in!

Compare scores with friends on all Sporcle quizzes.
OR
Log In

Sporcle TV

Today on Sporcle TV


Watch our educational content, quiz creation guides, and fun videos on Sporcle TV.

Show Comments

Extras

Top Quizzes Today


Score Distribution

Your Account Isn't Verified!

In order to create a playlist on Sporcle, you need to verify the email address you used during registration. Go to your Sporcle Settings to finish the process.

Report this User

Report this user for behavior that violates our Community Guidelines.

Details: